000 01403cam a22004214i 4500
003 PE-LiUPU
005 20250731173100.0
008 150623s r 000 0 d
035 _a(Sirsi) a24515
040 _aPE-LiUPU
_bspa
_cPE-LiUPU
_erda
082 0 4 _a226.5077
_bR21
_221
100 1 _aRamos, José Carlos,
_eautor.
245 1 0 _aEvangelho de Joao :
_bintroducao e comentario /
_cJosé Carlos Ramos.
264 1 _aEnsino, Brasil :
_bEdicoes SALT Pos-graduacao IAE,
_c2000.
300 _a195 p. :
_bcuadros. ;
_c29 cm.
336 _atext
_2rdacontent
337 _aunmediated
_2rdamedia
338 _avolume
_2rdacarrier
504 _aIncluye bibliografía.
505 0 _aAnálisis tectual del evangelio de Juan.
526 _aSEG42
526 _aSEG41
526 _aSEG40
526 _aSEG39
526 _aP94
526 _aP87
526 _aP86
526 _aP85
526 _aP77
526 _aP76
526 _aP35
630 _aBiblia.
_pN.T.
_pJuan
_xComentarios.
942 _2ddc
_cBOOK
949 _a226.5077 R21
_wDEWEY
_c1
_i48841
_lCCODEBUL1
_mBUL
_p00.00
_r0
_sY
_tBOOK
_u2015-06-24
_xTEOLOGIA
_PP35
_0COMPRA
_o.STAFF. Colección General
596 _a1
999 _a226.5077 R21
_wDEWEY
_c28002
_i48841
_f2021-11-9
_g5
_lCCODEBUL1
_mBUL
_r0
_sY
_tBOOK
_u2015-6-24
_xTEOLOGIA
_PP35
_0COMPRA
_o.STAFF. Colección General
_d28002
980 _81
_gALBERTO SANCHEZ Responsable de Automatización